Excelling in english (Record no. 12273)
[ view plain ]
| 000 -LEADER | |
|---|---|
| fixed length control field | 00444nam a22001457a 4500 |
| 008 - FIXED-LENGTH DATA ELEMENTS--GENERAL INFORMATION | |
| fixed length control field | 160719b xxu||||| |||| 00| 0 eng d |
| 020 ## - INTERNATIONAL STANDARD BOOK NUMBER | |
| International Standard Book Number | 9789966447180 |
| 050 ## - LIBRARY OF CONGRESS CALL NUMBER | |
| Classification number | PE 1128 .E93 2015 |
| 100 ## - MAIN ENTRY--PERSONAL NAME | |
| Personal name | Mwangi, Phyllis Dr. |
| Dates associated with a name | 2015 |
| 245 ## - TITLE STATEMENT | |
| Title | Excelling in english |
| Statement of responsibility, etc. | Dr Phyllis Mwangi |
| 260 ## - PUBLICATION, DISTRIBUTION, ETC. (IMPRINT) | |
| Place of publication, distribution, etc. | Nairobi |
| Name of publisher, distributor, etc. | KLB |
| Date of publication, distribution, etc. | 2015 |
| 300 ## - PHYSICAL DESCRIPTION | |
| Extent | ix, 238p.:ill |
| 700 ## - ADDED ENTRY--PERSONAL NAME | |
| Personal name | Kisirikoi, Florence Ms. |
| 942 ## - ADDED ENTRY ELEMENTS (KOHA) | |
| Source of classification or shelving scheme | |
| Koha item type | Africana (Books) |
| Classification part | PE 1128 .E93 2015 |
| Koha issues (borrowed), all copies | 15 |
| Withdrawn status | Lost status | Source of classification or shelving scheme | Damaged status | Not for loan | Home library | Current library | Shelving location | Date acquired | Source of acquisition | Total Checkouts | Full call number | Barcode | Date last seen | Date last checked out | Price effective from | Koha item type |
|---|---|---|---|---|---|---|---|---|---|---|---|---|---|---|---|---|
| MACHAKOS UNIVERSITY LIBRARY | MACHAKOS UNIVERSITY LIBRARY | Africana | 19/07/2016 | Purchase | 21 | PE 1128 .E93 2015 | 24379 | 19/01/2023 | 19/01/2023 | 19/07/2016 | Africana (Books) |